书目信息 |
| 题名: |
纱疵分析与防治
|
|
| 作者: | 胡树衡 编著 | |
| 分册: | ||
| 出版信息: | 北京 纺织工业出版社 1997.04(2002.06重印) |
|
| 页数: | 231页 | |
| 开本: | 19cm | |
| 丛书名: | ||
| 单 册: | ||
| 中图分类: | TS101.97 | |
| 科图分类: | ||
| 主题词: | 轻工业 , 手工业 , 手工业史 | |
| 电子资源: | ||
| ISBN: | 7-5064-1289-6 | |
| 000 | 00618nam0 2200217 450 | |
| 001 | 0431972241 | |
| 005 | 20041229085252.12 | |
| 010 | @a7-5064-1289-6@dCNY14.00 | |
| 100 | @a20041229d1997 km y0chiy0120 ea | |
| 101 | 0 | @achi |
| 102 | @aCN@b110000 | |
| 200 | 1 | @a纱疵分析与防治@Asha ci fen xi yu fang zhi@f胡树衡等编著@Fhu shu heng deng bian zhu |
| 210 | @a北京@c纺织工业出版社@d1997.04(2002.06重印) | |
| 215 | @a231页@d19cm | |
| 606 | 0 | @a轻工业 |
| 606 | 0 | @a手工业 |
| 606 | 0 | @a手工业史 |
| 690 | @aTS101.97@v4 | |
| 701 | 0 | @a胡树衡@Ahu shu heng@4编著 |
| 801 | 0 | @aCN@bPFT@c20041229 |
| 905 | @aBZT@dTS101.97@e2@f8 | |
| 纱疵分析与防治/胡树衡等编著.-北京:纺织工业出版社,1997.04(2002.06重印) |
| 231页;19cm |
| ISBN 7-5064-1289-6:CNY14.00 |
| ● |
| 相关链接 |
|
|
|
正题名:纱疵分析与防治
索取号:TS101.97/2
 
预约/预借
| 序号 | 登录号 | 条形码 | 馆藏地/架位号 | 状态 | 备注 |
| 1 | 0363484 | 230095894 | 中心书库中库/ 中库025架B面1列4层14/ [索取号:TS101.97/2] | 在馆 | |
| 2 | 0363485 | 230095904 | 中心书库中库/ 中库025架B面1列4层15/ [索取号:TS101.97/2] | 在馆 | |
| 3 | 0363486 | 210056071 | 中心书库中库/ 中库025架B面1列4层11/ [索取号:TS101.97/2] | 在馆 | |
| 4 | 0363487 | 230095902 | 中心书库中库/ 中库025架B面1列4层16/ [索取号:TS101.97/2] | 在馆 | |
| 5 | 0363488 | 230095900 | 中心书库中库/ 中库025架B面1列4层17/ [索取号:TS101.97/2] | 在馆 | |
| 6 | 0363489 | 230095896 | 中心书库中库/ 中库025架B面1列4层13/ [索取号:TS101.97/2] | 在馆 | |
| 7 | 0363490 | 230095898 | 中心书库中库/ 中库025架B面1列4层12/ [索取号:TS101.97/2] | 在馆 | |
| 8 | 2001740837 | 2001740837 | 样本书库/样005架B面5层2列/ [索取号:TS101.97/2] | 在馆 |